[Event "Lenzerheide op 3rd"]
[Site "Lenzerheide"]
[Date "2022.10.16"]
[Round "5"]
[White "Kender, Robert"]
[Black "Svagerka, Michal"]
[Result "0-1"]
[WhiteElo "1703"]
[BlackElo "1883"]
[PlyCount "46"]
[EventDate "2022.10.14"]
[EventType "swiss"]
[EventRounds "5"]
[EventCountry "SUI"]
[SourceTitle "EXT 2024"]
[Source "ChessBase"]
[SourceDate "2023.10.10"]
[SourceVersion "1"]
[SourceVersionDate "2023.10.10"]
[SourceQuality "1"]

1. e4 c5 2. Nf3 d6 3. d4 cxd4 4. Nxd4 Nf6 5. Nc3 g6 6. Be3 Bg7 7. f3 0-0 8. Qd2 Nc6 9. Bc4 Bd7 10. 0-0-0 Rc8 11. Bb3 Ne5 12. h4 h5 13. Bh6 Bxh6 14. Qxh6 Rxc3 15. bxc3 Qa5 16. Qe3 Rc8 17. Kd2 Neg4 18. fxg4 Rxc3 19. Bxf7+ Kxf7 20. Qh6 Bxg4 21. Rdf1 Rb3+ 22. Kc1 Qa3+ 23. Kd2 Qb4+ 0-1

[Event "London Classic op U2050-B 11th"]
[Site "London"]
[Date "2019.12.03"]
[Round "2"]
[White "Medworth, Andrew"]
[Black "Kender, Robert"]
[Result "1/2-1/2"]
[WhiteElo "1593"]
[BlackElo "1755"]
[PlyCount "81"]
[EventDate "2019.12.02"]
[EventType "swiss"]
[EventRounds "5"]
[EventCountry "ENG"]
[SourceTitle "CBM 195 Extra"]
[Source "ChessBase"]
[SourceDate "2020.05.31"]
[SourceVersion "1"]
[SourceVersionDate "2020.05.31"]
[SourceQuality "1"]

1. e4 c5 2. Nf3 d6 3. Bb5+ Bd7 4. c4 Bxb5 5. cxb5 Nf6 6. Nc3 e6 7. d4 cxd4 8. Nxd4 Be7 9. 0-0 0-0 10. Be3 Nbd7 11. Rc1 Nb6 12. Qe2 Rc8 13. f3 Nc4 14. Bf2 Nh5 15. Nc6 bxc6 16. Qxc4 d5 17. Qa4 cxb5 18. Qxb5 Rb8 19. Qe2 Qa5 20. exd5 Nf4 21. Qc2 Nxd5 22. Nxd5 Qxd5 23. b3 a6 24. Rfd1 Qb5 25. Qc4 Qa5 26. Qc7 Qxc7 27. Rxc7 Bb4 28. Bh4 Ba5 29. Rcd7 f6 30. Be1 Bb6+ 31. Kf1 Rfd8 32. Rxd8+ Rxd8 33. Rxd8+ Bxd8 34. Ke2 Kf7 35. Kd3 Bb6 36. Bc3 Ke7 37. Bd4 Bc7 38. Bc5+ Kd7 39. h3 Kc6 40. Kc4 g6 41. b4 1/2-1/2

[Event "London Classic op 10th"]
[Site "London"]
[Date "2018.12.11"]
[Round "3"]
[White "Bin Suhayl, Ieysaa"]
[Black "Kender, Robert"]
[Result "1-0"]
[WhiteElo "2038"]
[BlackElo "1850"]
[PlyCount "35"]
[EventDate "2018.12.09"]
[EventType "swiss"]
[EventRounds "9"]
[EventCountry "ENG"]
[SourceTitle "CBM 187 Extra"]
[Source "ChessBase"]
[SourceDate "2018.11.04"]
[SourceVersion "1"]
[SourceVersionDate "2018.11.04"]
[SourceQuality "1"]

1. d4 Nf6 2. c4 g6 3. Nc3 d5 4. Nf3 Bg7 5. g3 0-0 6. Bg2 c5 7. dxc5 Qa5 8. 0-0 dxc4 9. Qd4 Nfd7 10. Qxc4 Qxc5 11. Qh4 Bxc3 12. bxc3 Qxc3 13. Be3 Nc6 14. Rac1 Qb4 15. Qh6 Nce5 16. Ng5 Nf6 17. Bc5 Neg4 18. Qxf8+ 1-0

[Event "Graz op-B"]
[Site "Graz"]
[Date "2015.02.15"]
[Round "3"]
[White "Kender, Robert"]
[Black "Kapus, Florian"]
[Result "1-0"]
[WhiteElo "1871"]
[BlackElo "1929"]
[PlyCount "109"]
[EventDate "2015.02.13"]
[EventType "swiss"]
[EventRounds "9"]
[EventCountry "AUT"]
[SourceTitle "CBM 165 Extra"]
[Source "ChessBase"]
[SourceDate "2015.04.21"]
[SourceVersion "1"]
[SourceVersionDate "2015.04.21"]
[SourceQuality "1"]

1. e4 e5 2. Nf3 Nc6 3. Bb5 a6 4. Ba4 Nf6 5. 0-0 b5 6. Bb3 Bb7 7. Re1 Bc5 8. Nxe5 Nxe5 9. d4 Bxd4 10. Qxd4 d6 11. Bg5 h6 12. Bh4 g5 13. Bg3 c5 14. Qd2 Nxe4 15. Rxe4 Bxe4 16. Nc3 Bg6 17. Bd5 Ra7 18. f4 Ng4 19. fxg5 Qxg5 20. Bf4 Qf6 21. Bc6+ Kf8 22. Bxd6+ Kg8 23. Bxc5 Qxc6 24. Bxa7 Qc7 25. Bd4 Qxh2+ 26. Kf1 Qh1+ 27. Bg1 Kh7 28. Re1 Rg8 29. Nd5 Bf5 30. Nf4 Qh4 31. Re2 Rd8 32. Nd3 Nf6 33. Qf4 Qxf4+ 34. Nxf4 Ne4 35. Ke1 Ng3 36. Re3 Rg8 37. Nd5 Rg6 38. Ne7 Re6 39. Nxf5 Nxf5 40. Rxe6 fxe6 41. Kd2 Kg6 42. Kd3 Kf6 43. b3 Ke5 44. Bh2+ Kd5 45. g4 Ne7 46. c4+ bxc4+ 47. bxc4+ Kc5 48. Bg1+ Kd6 49. Ke4 Ng8 50. Bd4 Ne7 51. Bg7 Ng8 52. Bf8+ Kd7 53. Kd4 Ke8 54. Bd6 Kf7 55. c5 1-0

[Event "Graz op-B"]
[Site "Graz"]
[Date "2015.02.15"]
[Round "4"]
[White "Sepetavc, Walter"]
[Black "Kender, Robert"]
[Result "1-0"]
[WhiteElo "1953"]
[BlackElo "1871"]
[PlyCount "85"]
[EventDate "2015.02.13"]
[EventType "swiss"]
[EventRounds "9"]
[EventCountry "AUT"]
[SourceTitle "CBM 165 Extra"]
[Source "ChessBase"]
[SourceDate "2015.04.21"]
[SourceVersion "1"]
[SourceVersionDate "2015.04.21"]
[SourceQuality "1"]

1. e4 c5 2. Nf3 d6 3. d4 cxd4 4. Nxd4 Nf6 5. Nc3 a6 6. Be3 e6 7. Be2 Be7 8. 0-0 0-0 9. Kh1 Nc6 10. a4 Qc7 11. Nxc6 bxc6 12. f4 Rb8 13. Rb1 c5 14. Qe1 Rd8 15. Qg3 d5 16. e5 Ne8 17. Bd2 f5 18. Bf3 Bb7 19. Ne2 Bc6 20. b3 Ba8 21. Ng1 a5 22. Qe1 Rdc8 23. Bxa5 Qd7 24. Be2 c4 25. Nf3 cxb3 26. cxb3 Bc5 27. b4 Be7 28. Nd4 Nc7 29. b5 Bc5 30. Nf3 Bb7 31. Rc1 Be3 32. Bd2 Ba7 33. Bd3 Na8 34. a5 Rxc1 35. Bxc1 Bc5 36. Be3 Qe7 37. Bxc5 Qxc5 38. Ng5 Bc8 39. Qc1 Qe7 40. Qe3 h6 41. Nf3 Qb7 42. Rc1 Nc7 43. a6 1-0

[Event "Buxton e2e4 op"]
[Site "Buxton"]
[Date "2012.07.01"]
[Round "4"]
[White "Livesey, R Nigel"]
[Black "Kender, Robert"]
[Result "1/2-1/2"]
[WhiteElo "1893"]
[BlackElo "1946"]
[PlyCount "67"]
[EventDate "2012.06.29"]
[EventType "swiss"]
[EventRounds "5"]
[EventCountry "ENG"]
[SourceTitle "CBM 149 Extra"]
[Source "ChessBase"]
[SourceDate "2012.08.24"]
[SourceVersion "1"]
[SourceVersionDate "2012.08.24"]
[SourceQuality "1"]

1. c4 Nf6 2. g3 g6 3. Bg2 Bg7 4. Nc3 0-0 5. e4 d6 6. Nge2 c5 7. 0-0 Nc6 8. d3 a6 9. h3 Bd7 10. Be3 Rb8 11. a4 Nb4 12. Qd2 Re8 13. f4 Bc6 14. Nd5 a5 15. Nec3 Nd7 16. Nb5 Bxb5 17. axb5 Nxd5 18. exd5 b6 19. Rae1 Nf6 20. Re2 Nh5 21. Kh2 Bh8 22. Rfe1 Rb7 23. Bf2 Rc7 24. Bf3 Ng7 25. g4 e6 26. dxe6 Rxe6 27. Bd5 Rxe2 28. Qxe2 Kf8 29. Bg3 Re7 30. Qxe7+ Qxe7 31. Rxe7 Kxe7 32. Bh4+ f6 33. Kg2 Ne6 34. Bxe6 1/2-1/2

[Event "Buxton e2e4 op"]
[Site "Buxton"]
[Date "2012.06.29"]
[Round "1"]
[White "Kender, Robert"]
[Black "Brown, Martin"]
[Result "0-1"]
[WhiteElo "1946"]
[BlackElo "2183"]
[PlyCount "58"]
[EventDate "2012.06.29"]
[EventType "swiss"]
[EventRounds "5"]
[EventCountry "ENG"]
[SourceTitle "CBM 149 Extra"]
[Source "ChessBase"]
[SourceDate "2012.08.24"]
[SourceVersion "1"]
[SourceVersionDate "2012.08.24"]
[SourceQuality "1"]

1. e4 e6 2. d4 d5 3. Nd2 Nc6 4. Ngf3 Nf6 5. e5 Nd7 6. Bb5 a5 7. c3 Na7 8. Bd3 b5 9. a3 c5 10. dxc5 Nxc5 11. Nb3 Nxd3+ 12. Qxd3 Ba6 13. 0-0 Qc8 14. Re1 b4 15. Qe3 a4 16. Nbd4 bxa3 17. bxa3 Qc7 18. Rb1 Rc8 19. Bb2 h6 20. Qf4 Bd3 21. Rbd1 Qb6 22. Qc1 Bh7 23. h3 Bc5 24. Rd2 0-0 25. Qa1 Rb8 26. Ree2 Rb7 27. Kh2 Rfb8 28. Qa2 Qa6 29. Ba1 Bb1 0-1

[Event "London e2e4 Diamond Jubilee op"]
[Site "London"]
[Date "2012.06.05"]
[Round "6"]
[White "Kender, Robert"]
[Black "Taylor, Adam A"]
[Result "0-1"]
[WhiteElo "1946"]
[BlackElo "1869"]
[PlyCount "88"]
[EventDate "2012.06.02"]
[EventType "swiss"]
[EventRounds "9"]
[EventCountry "ENG"]
[SourceTitle "CBM 148 Extra"]
[Source "ChessBase"]
[SourceDate "2012.06.22"]
[SourceVersion "1"]
[SourceVersionDate "2012.06.22"]
[SourceQuality "1"]

1. e4 c5 2. Nf3 Nc6 3. d4 cxd4 4. Nxd4 Nf6 5. Nc3 e6 6. a3 d5 7. exd5 Nxd5 8. Nxd5 Qxd5 9. Nxc6 bxc6 10. Be3 Be7 11. Qg4 0-0 12. Bc4 Qa5+ 13. c3 c5 14. 0-0 Bb7 15. Rfd1 Qc7 16. Bf1 Kh8 17. Qa4 Bd6 18. h3 Bc6 19. Qc2 f5 20. b4 cxb4 21. axb4 f4 22. Rxd6 fxe3 23. Rxe6 exf2+ 24. Kh1 Qd7 25. Re3 Rae8 26. Qd3 Qxd3 27. Rxd3 Re1 28. Rdd1 Re3 29. Kh2 Rxc3 30. Rxa7 Rb3 31. Ra2 Rxb4 32. Rdd2 Rbf4 33. Rac2 Ba4 34. Rc4 h5 35. Rxf4 Rxf4 36. Rd3 Bc6 37. Rc3 Rf6 38. Rc5 g6 39. Rc1 Kh7 40. Be2 Kh6 41. Rf1 Kg5 42. h4+ Kxh4 43. Bf3 Bxf3 44. Rxf2 Kg4 0-1

[Event "London e2e4 Diamond Jubilee op"]
[Site "London"]
[Date "2012.06.04"]
[Round "5"]
[White "Pace, Colin"]
[Black "Kender, Robert"]
[Result "0-1"]
[WhiteElo "2128"]
[BlackElo "1946"]
[PlyCount "75"]
[EventDate "2012.06.02"]
[EventType "swiss"]
[EventRounds "9"]
[EventCountry "ENG"]
[SourceTitle "CBM 148 Extra"]
[Source "ChessBase"]
[SourceDate "2012.06.22"]
[SourceVersion "1"]
[SourceVersionDate "2012.06.22"]
[SourceQuality "1"]

1. e4 c5 2. Nf3 d6 3. d4 cxd4 4. Nxd4 Nf6 5. Nc3 a6 6. Bc4 e6 7. Bb3 Be7 8. Be3 Nc6 9. Qe2 Na5 10. 0-0-0 Nxb3+ 11. axb3 Qc7 12. g4 b5 13. g5 Nd7 14. Rhe1 Bb7 15. f3 0-0 16. h4 Rfd8 17. h5 Nf8 18. Rh1 d5 19. exd5 Bxd5 20. Nf5 exf5 21. Nxd5 Qe5 22. Nxe7+ Qxe7 23. Qf2 Rac8 24. h6 g6 25. Rxd8 Rxd8 26. Re1 Qd7 27. Bb6 Rc8 28. Rd1 Qc6 29. Ba5 Ne6 30. f4 Qe4 31. Rf1 Nxf4 32. Kb1 Ne6 33. Qd2 Qd4 34. Qg2 Qc5 35. Rd1 Qe7 36. Re1 Qxg5 37. Qb7 Re8 38. Re3 0-1

[Event "High Wycombe e2e4 op 10"]
[Site "High Wycombe"]
[Date "2011.10.09"]
[Round "4"]
[White "Bennett, Patrick"]
[Black "Kender, Robert"]
[Result "1/2-1/2"]
[WhiteElo "2040"]
[BlackElo "1976"]
[PlyCount "57"]
[EventDate "2011.10.07"]
[EventType "swiss"]
[EventRounds "5"]
[EventCountry "ENG"]
[SourceTitle "CBM 144 Extra"]
[Source "ChessBase"]
[SourceDate "2011.10.28"]
[SourceVersion "1"]
[SourceVersionDate "2011.10.28"]
[SourceQuality "1"]

1. d4 Nf6 2. c4 g6 3. g3 Bg7 4. Bg2 d5 5. cxd5 Nxd5 6. Nf3 0-0 7. 0-0 Bg4 8. h3 Bf5 9. Re1 Be4 10. Nbd2 Bxf3 11. Nxf3 c6 12. e4 Nf6 13. Bf4 Nbd7 14. Qc2 Qb6 15. Rad1 Rac8 16. Re2 c5 17. d5 Nh5 18. Bg5 Qd6 19. Qd2 Ne5 20. g4 f6 21. Nxe5 fxg5 22. Nc4 Qa6 23. gxh5 Qxc4 24. hxg6 hxg6 25. b3 Qd4 26. Qxd4 Bxd4 27. e5 b5 28. e6 Rcd8 29. Be4 1/2-1/2

[Event "Sunningdale e2e4 Autumn op"]
[Site "Sunningdale"]
[Date "2011.09.17"]
[Round "3"]
[White "Ruston, Mark"]
[Black "Kender, Robert"]
[Result "1-0"]
[WhiteElo "2072"]
[BlackElo "1976"]
[PlyCount "37"]
[EventDate "2011.09.16"]
[EventType "swiss"]
[EventRounds "5"]
[EventCountry "ENG"]
[SourceTitle "CBM 144 Extra"]
[Source "ChessBase"]
[SourceDate "2011.10.28"]
[SourceVersion "1"]
[SourceVersionDate "2011.10.28"]
[SourceQuality "1"]

1. e4 c5 2. Nc3 d6 3. g3 Nf6 4. Bg2 Nc6 5. d3 a6 6. f4 Bg4 7. Nce2 g6 8. c3 Bg7 9. h3 Bd7 10. Nf3 e5 11. 0-0 0-0 12. Be3 Qc8 13. Kh2 Nh5 14. f5 gxf5 15. exf5 Bxf5 16. g4 Bxg4 17. hxg4 Qxg4 18. Bh3 Qg6 19. Nh4 1-0

[Event "Runcorn op"]
[Site "Runcorn"]
[Date "2010.09.25"]
[Round "3"]
[White "Jameson, David"]
[Black "Kender, Robert"]
[Result "1/2-1/2"]
[WhiteElo "2047"]
[BlackElo "2070"]
[PlyCount "42"]
[EventDate "2010.09.24"]
[EventType "swiss"]
[EventRounds "5"]
[EventCountry "ENG"]
[SourceTitle "CBM 138 Extra"]
[Source "ChessBase"]
[SourceDate "2010.10.29"]
[SourceVersion "1"]
[SourceVersionDate "2010.10.29"]
[SourceQuality "1"]

1. e4 c5 2. Nf3 d6 3. Nc3 Nf6 4. d4 cxd4 5. Nxd4 a6 6. Be2 e5 7. Nb3 Be7 8. 0-0 0-0 9. Kh1 Qc7 10. f4 b5 11. Bf3 Bb7 12. Qe2 Nbd7 13. Be3 Rac8 14. a3 Nc5 15. fxe5 dxe5 16. Nxc5 Bxc5 17. Rfd1 Bxe3 18. Qxe3 Rfd8 19. Rac1 Rxd1+ 20. Rxd1 Rd8 21. Rd3 h6 1/2-1/2

[Event "Sunningdale op"]
[Site "Sunningdale"]
[Date "2010.09.11"]
[Round "2"]
[White "Punnett, Alan Kenneth"]
[Black "Kender, Robert"]
[Result "1-0"]
[WhiteElo "2087"]
[BlackElo "2000"]
[PlyCount "79"]
[EventDate "2010.09.10"]
[EventType "swiss"]
[EventRounds "5"]
[EventCountry "ENG"]
[SourceTitle "CBM 138 Extra"]
[Source "ChessBase"]
[SourceDate "2010.10.29"]
[SourceVersion "1"]
[SourceVersionDate "2010.10.29"]
[SourceQuality "1"]

1. e4 c5 2. Nc3 d6 3. g3 Nf6 4. Bg2 g6 5. d3 Bg7 6. f4 0-0 7. Nf3 Nc6 8. 0-0 a6 9. Kh1 Bg4 10. h3 Bd7 11. Ne2 e5 12. c3 Qc8 13. g4 h5 14. g5 Nh7 15. Kh2 f6 16. Nh4 Be8 17. Nxg6 Bxg6 18. f5 Bxf5 19. exf5 fxg5 20. Bd5+ Kh8 21. Be6 Qe8 22. Ng3 Nd8 23. Bb3 e4 24. Nxe4 Qe5+ 25. Kg2 Rxf5 26. Rxf5 Qxf5 27. Qxh5 d5 28. Nxg5 Qxd3 29. Qxh7+ Qxh7 30. Nxh7 Kxh7 31. Bxd5 Rc8 32. Bf4 Nc6 33. Re1 Kg6 34. Kg3 Na5 35. Kg4 Bf8 36. Re6+ Kg7 37. Be5+ Kh7 38. b3 Rd8 39. c4 Nc6 40. Bxc6 1-0